000 01076nam a22002297a 4500
005 20090217164451.0
008 090217t xxu||||| |||| 00| 0 hin d
010 _aHIN-45902
020 _c150.00
035 _aHN-27258
037 _bDBAD / PUB
040 _aDPL
_bHN
082 _b425
100 _aबलियाटिक,विजय
245 _aहिन्दी रचना प्रभाकरः(पयार्य, विलोम,तत्सम, लोकोक्तियाँ, मुहावरा,वाक्यशुध्दि आदि ) /
_cविजय बलियाटिक तथा विजय नारायण सिंह
260 _aदिल्ली
_bग्रंथलोक
_c1999
270 _bदिल्ली
300 _a148 पृ.
_c23 सेमी
700 _aविजय नारायण सिंह
942 _2ddc
_cHN
_mबलिया
999 _c23994
_d23994